Statistics for Seven Letter Geography #3

Click here to take the quiz!

General Stats

  • This quiz has been taken 28,943 times
  • The average score is 14 of 24

Answer Stats

DescriptionAnswer% Correct
Major waterfalls on the U.S. /
Canada border
Niagara
93%
Most populous city in ScotlandGlasgow
87%
Region of the Netherlands, and incorrect
term for the country as a whole
Holland
85%
Island where you'd find EyjafjallajökullIceland
84%
What separates Iran and Saudi Arabia{Persian} Gulf
80%
Capital of WalesCardiff
78%
Capital of VenezuelaCaracas
72%
Major city in central FloridaOrlando
71%
Country part of Ethiopia until 1993Eritrea
69%
Region the above is located withinTuscany
67%
French island in the MediterraneanCorsica
64%
Dubai or Sharjah, for exampleEmirate
63%
Country that envelops GambiaSenegal
61%
Washington D.C.'s riverPotomac
56%
Florence, in its native languageFirenze
53%
Peninsula on which most of Denmark liesJutland
49%
"Major" Balearic islandMajorca
48%
Canadian city with an annual "Stampede"Calgary
47%
South American desert called
the world's driest
Atacama
43%
City called Batavia when it was part
of the Dutch East Indies
Jakarta
42%
French coastal area also called Côte d'AzurRiviera
40%
Copenhagen's islandZealand
26%
Mountain range of Rainier and St. HelensCascade
25%
Peninsula directly north of Hong Kong islandKowloon
18%

Score Distribution

Percentile by Number Answered

Percent of People with Each Score

Your Score History

You have not taken this quiz